00333nam a2200133Ia 4500003000400000008004100004040001600045082001300061100001700074245003900091260004500130300001000175650001400185GCL140319s9999 xx 000 0 eng d aGCL / cGCL04a330bW E1 aFABBRI, TONY10aECONOMICS, 4TH ed / cFABBRI, TONY a[S.N] : bABT AKVERT SKIRA S.A ، c1990 a804 P04aECONOMICS